Statistics for MLB Baseball Single Season Strike Out to Walk by Team

Click here to take the quiz!

General Stats

  • This quiz has been taken 20 times
  • The average score is 10 of 30

Answer Stats

TeamAnswerK/BBYear% Correct
Arizona DiamondbacksCurt Schilling9.5762002
94%
Los Angeles DodgersClayton Kershaw15.6362016
83%
Washington NationalsMax Scherzer8.1182015
83%
Boston Red SoxPedro Martinez8.8752000
78%
Baltimore OriolesDick Hall4.6251963
61%
Philadelphia PhilliesCliff Lee7.3932012
56%
Texas RangersCliff Lee8.0002010
56%
Seattle MarinersCliff Lee14.8332010
56%
Toronto Blue JaysRoy Halladay6.3752003
56%
Detroit TigersWillie Hernandez5.4291985
56%
St. Louis CardinalsAdam Wainwright6.2572013
50%
Kansas City RoyalsZack Greinke4.7452009
50%
Chicago White SoxChris Sale6.5242015
39%
Tampa Bay RaysDavid Price8.2172014
39%
Milwaukee BrewersBen Sheets10.5462006
22%
Houston AstrosHal Brown8.5001963
22%
Miami MarlinsKevin Brown4.8181996
22%
Colorado RockiesGerman Marquez5.0002019
17%
Minnesota TwinsPhil Hughes11.6252014
11%
New York MetsBret Saberhagen11.0001994
6%
Los Angeles AngelsDan Haren5.8182011
6%
Pittsburgh PiratesJameson Taillon5.0002016
0%
Oakland AthleticsJeff Samardzija8.2502014
0%
San Francisco GiantsJeff Samardzija6.4062017
0%
Atlanta BravesJim Whitney10.0001884
0%
Chicago CubsJon Lieber7.2502002
0%
Cleveland IndiansJosh Tomlin7.7862017
0%
New York YankeesMichael Pineda7.4292015
0%
San Diego PadresRobbie Erlin7.3332018
0%
Cincinnati RedsSammy Ellis4.4641964
0%

Score Distribution

Percentile by Number Answered

Percent of People with Each Score

Your Score History

You have not taken this quiz